000
00236nam a22000857a 4500
008
160705b xxu||||| |||| 00| 0 eng d
100
_9
2232
_a
Sreeramulu, G
245
_a
Planning and Expenditure on Education
260
_a
Delhi
_b
Kalpaz
_c
2005
999
_c
1920
_d
1920